[Event "Regionalliga Nord-Ost 1819"]
[Site "Bayern"]
[Date "2018.12.16"]
[Round "4.3"]
[White "Stertkuhl, Eric"]
[Black "Hofer, Markus"]
[Result "1/2-1/2"]
[WhiteElo "2048"]
[BlackElo "2122"]
[PlyCount "33"]
[EventDate "2018.10.21"]
[EventType "team-tourn"]
[EventRounds "9"]
[EventCountry "GER"]
[SourceTitle "EXT 2022"]
[Source "ChessBase"]
[SourceDate "2021.10.06"]
[SourceVersion "1"]
[SourceVersionDate "2021.10.06"]
[SourceQuality "1"]
[WhiteTeam "Postbauer Heng"]
[BlackTeam "Buechenbach/Roth"]
[WhiteTeamCountry "GER"]
[BlackTeamCountry "GER"]

1. b3 e5 2. Bb2 Nc6 3. e3 Nge7 4. d3 d6 5. g3 g6 6. Bg2 Bg7 7. Ne2 0-0 8. 0-0 Be6 9. d4 d5 10. dxe5 Nxe5 11. Nbc3 c6 12. h3 g5 13. Nd4 Qd7 14. f4 N5g6 15. Kh2 h6 16. Qd3 f5 17. Rad1 1/2-1/2

[Event "Regionalliga Nord-Ost 1718"]
[Site "Bayern"]
[Date "2018.01.21"]
[Round "5.2"]
[White "Just, Hannes"]
[Black "Hofer, Markus"]
[Result "0-1"]
[WhiteElo "2065"]
[BlackElo "2137"]
[PlyCount "90"]
[EventDate "2017.10.22"]
[EventType "team-tourn"]
[EventRounds "9"]
[EventCountry "GER"]
[SourceTitle "EXT 2022"]
[Source "ChessBase"]
[SourceDate "2021.10.06"]
[SourceVersion "1"]
[SourceVersionDate "2021.10.06"]
[SourceQuality "1"]
[WhiteTeam "Nuernberg Sued SW II"]
[BlackTeam "Buechenbach/Roth"]
[WhiteTeamCountry "GER"]
[BlackTeamCountry "GER"]

1. e4 Nf6 2. Nc3 d5 3. e5 d4 4. exf6 dxc3 5. fxg7 cxd2+ 6. Bxd2 Bxg7 7. Qf3 Bxb2 8. Rd1 Qd4 9. Ne2 Qf6 10. Qb3 Qb6 11. Qg3 Bf5 12. c3 Nd7 13. Nd4 Bg6 14. Nb5 0-0-0 15. Be2 Rhg8 16. Qf4 Nc5 17. Qb4 Nd3+ 18. Bxd3 Bxd3 19. a4 Bxb5 20. axb5 Qe6+ 21. Kf1 Qg4 22. Qxg4+ Rxg4 23. Ke2 Rxg2 24. Rb1 Ba3 25. Be3 Bd6 26. Ra1 Rxh2 27. Rxh2 Bxh2 28. f4 e5 29. f5 Bf4 30. Bxf4 exf4 31. Rxa7 Rd5 32. c4 Rxf5 33. Kf3 b6 34. Ke4 Rh5 35. Ra8+ Kd7 36. Rf8 Ke6 37. Rd8 f5+ 38. Kd4 Rh4 39. Re8+ Kd7 40. Re1 Kd6 41. Rd1 f3+ 42. Ke3+ Kc5 43. Rd5+ Kxc4 44. Rxf5 Kb4 45. Kxf3 Rc4 0-1

[Event "Mittelfranken-chTB1 1314"]
[Site "Mittelfranken"]
[Date "2014.01.12"]
[Round "4.2"]
[White "Hofer, Markus"]
[Black "Miller, Eduard"]
[Result "0-1"]
[WhiteElo "2100"]
[BlackElo "2249"]
[PlyCount "84"]
[EventDate "2013.10.20"]
[EventType "team-tourn"]
[EventRounds "9"]
[EventCountry "GER"]
[SourceTitle "EXT 2020"]
[Source "ChessBase"]
[SourceDate "2019.10.17"]
[SourceVersion "1"]
[SourceVersionDate "2019.10.17"]
[SourceQuality "1"]
[WhiteTeam "Buechenbach/Roth"]
[BlackTeam "Erlangen SC II"]
[WhiteTeamCountry "GER"]
[BlackTeamCountry "GER"]

1. d4 Nf6 2. Bg5 e6 3. e4 h6 4. Bxf6 Qxf6 5. Nf3 Nc6 6. c3 d6 7. Bb5 Bd7 8. 0-0 a6 9. Ba4 g5 10. e5 dxe5 11. Bxc6 Bxc6 12. Nxe5 Bd6 13. Nxc6 bxc6 14. Nd2 h5 15. Qf3 Qxf3 16. Nxf3 g4 17. Nd2 c5 18. Ne4 cxd4 19. Nxd6+ cxd6 20. cxd4 Rb8 21. Rac1 Ke7 22. f3 g3 23. b3 h4 24. d5 exd5 25. Rcd1 Rh5 26. Rd4 Rg8 27. h3 Rc8 28. Rfd1 Re5 29. Kf1 f5 30. R4d2 Rc3 31. Rd3 Rc5 32. Rd4 Ke6 33. a4 a5 34. R4d2 Re3 35. Rb2 f4 36. b4 axb4 37. Rxb4 Rc4 38. Rb5 d4 39. Rh5 d3 40. Rxh4 d2 41. Rh8 Kd7 42. Rb8 Rc1 0-1

[Event "Mittelfranken-chTB1 1011"]
[Site "Germany"]
[Date "2011.05.15"]
[Round "9.3"]
[White "Thuerauf, Peter"]
[Black "Hofer, Markus"]
[Result "1/2-1/2"]
[WhiteElo "1818"]
[BlackElo "2075"]
[PlyCount "45"]
[EventDate "2010.09.26"]
[EventType "team-tourn"]
[EventRounds "9"]
[EventCountry "GER"]
[SourceTitle "EXT 2012"]
[Source "ChessBase"]
[SourceDate "2011.11.24"]
[SourceVersion "1"]
[SourceVersionDate "2011.11.24"]
[SourceQuality "1"]
[WhiteTeam "Nuernberg Sued SW III"]
[BlackTeam "Buechenbach/Roth"]
[WhiteTeamCountry "GER"]
[BlackTeamCountry "GER"]

1. d4 d5 2. Nf3 Nf6 3. c4 e6 4. Nc3 Be7 5. Bg5 0-0 6. e3 Nbd7 7. Rc1 c6 8. Bd3 dxc4 9. Bxc4 Nd5 10. Bxe7 Qxe7 11. 0-0 Nxc3 12. Rxc3 e5 13. Qb1 Re8 14. Nxe5 Nxe5 15. dxe5 Qxe5 16. Rd1 Bf5 17. Bd3 Rad8 18. Bxf5 Qxf5 19. Rcd3 Rxd3 20. Qxd3 Qxd3 21. Rxd3 Kf8 22. Rd7 Re7 23. Rd8+ 1/2-1/2

[Event "Mittelfranken-ch HT 60th"]
[Site "Buechenbach/Roth"]
[Date "2011.04.22"]
[Round "9"]
[White "Miller, Eduard"]
[Black "Hofer, Markus"]
[Result "1-0"]
[WhiteElo "2145"]
[BlackElo "2084"]
[PlyCount "71"]
[EventDate "2011.04.19"]
[EventType "swiss"]
[EventRounds "9"]
[EventCountry "GER"]
[SourceTitle "CBM 142 Extra"]
[Source "ChessBase"]
[SourceDate "2011.06.27"]
[SourceVersion "1"]
[SourceVersionDate "2011.06.27"]
[SourceQuality "1"]

1. c4 Nf6 2. Nc3 g6 3. Nf3 Bg7 4. d4 c5 5. d5 d6 6. Nd2 0-0 7. e4 e6 8. Be2 exd5 9. cxd5 Na6 10. 0-0 Nc7 11. a4 Bd7 12. Nc4 Qe7 13. e5 Nfe8 14. f4 b5 15. axb5 Bxb5 16. Ne4 f6 17. Nexd6 fxe5 18. Nxb5 Nxb5 19. fxe5 Rxf1+ 20. Bxf1 Nd4 21. Bf4 Qf7 22. g3 Rd8 23. Bg2 Rxd5 24. Bxd5 Qxd5 25. Ne3 Qb7 26. Qa4 Nc7 27. Qxa7 Qf3 28. Ng2 Nce6 29. Qa8+ Bf8 30. Bh6 Ne2+ 31. Kh1 Qh5 32. Bxf8 Nxg3+ 33. Kg1 Ne2+ 34. Kf2 Nxf8 35. Qd5+ Kg7 36. Ra7+ 1-0

[Event "Bayernliga U20 1011"]
[Site "Bayern"]
[Date "2010.12.04"]
[Round "2.1"]
[White "Mons, Leon"]
[Black "Hofer, Markus"]
[Result "1-0"]
[WhiteElo "2325"]
[BlackElo "2121"]
[PlyCount "79"]
[EventDate "2010.10.16"]
[EventType "team-tourn"]
[EventRounds "7"]
[EventCountry "GER"]
[SourceTitle "EXT 2022"]
[Source "ChessBase"]
[SourceDate "2021.10.06"]
[SourceVersion "1"]
[SourceVersionDate "2021.10.06"]
[SourceQuality "1"]
[WhiteTeam "Forchheim SC U20"]
[BlackTeam "Buechenbach/Roth U20"]
[WhiteTeamCountry "GER"]
[BlackTeamCountry "GER"]

1. g3 d5 2. Bg2 Nf6 3. d3 e5 4. Nf3 Bd6 5. 0-0 0-0 6. c4 c6 7. cxd5 cxd5 8. Nc3 Nc6 9. Bg5 Be6 10. Bxf6 Qxf6 11. Nd2 d4 12. Nce4 Qe7 13. Nxd6 Qxd6 14. Qa4 Bd5 15. Ne4 Qd8 16. Qb5 Ne7 17. Rfc1 b6 18. Rc2 a6 19. Qb4 Rc8 20. Rac1 a5 21. Qb5 Rxc2 22. Rxc2 f5 23. Ng5 Bxg2 24. Kxg2 Qd5+ 25. Qxd5+ Nxd5 26. Rc6 Rf6 27. Rc8+ Rf8 28. Rxf8+ Kxf8 29. Nxh7+ Ke7 30. Kf3 b5 31. Ng5 Nc3 32. a3 Na4 33. b4 axb4 34. axb4 Nc3 35. g4 fxg4+ 36. Kxg4 Na2 37. Kf5 Nxb4 38. Kxe5 Nc2 39. Nf3 b4 40. Nxd4 1-0

[Event "Mittelfranken-ch NT 58th"]
[Site "Postbauer"]
[Date "2009.04.11"]
[Round "7"]
[White "Hofer, Markus"]
[Black "Lais, Thomas"]
[Result "1-0"]
[WhiteElo "2060"]
[BlackElo "1848"]
[PlyCount "105"]
[EventDate "2009.04.08"]
[EventType "swiss"]
[EventRounds "7"]
[EventCountry "GER"]
[SourceTitle "EXT 2015"]
[Source "ChessBase"]
[SourceDate "2014.11.20"]
[SourceVersion "1"]
[SourceVersionDate "2014.11.20"]
[SourceQuality "1"]

1. d4 Nf6 2. c4 g6 3. Nc3 d5 4. Bg5 Ne4 5. Bf4 Nxc3 6. bxc3 c6 7. e3 Bg7 8. Nf3 Qa5 9. Qb3 0-0 10. Be2 Nd7 11. cxd5 cxd5 12. 0-0 Nf6 13. c4 b6 14. Ne5 e6 15. Rfc1 Ba6 16. Rc2 Rac8 17. Rac1 Rfe8 18. Qb2 Bf8 19. a4 dxc4 20. Nxc4 Bxc4 21. Rxc4 Rxc4 22. Rxc4 Nd5 23. Be5 Bh6 24. Bf1 a6 25. e4 Nf4 26. Qb4 Qxb4 27. Rxb4 b5 28. axb5 axb5 29. Rxb5 Rc8 30. g3 Nh5 31. Rb8 Rxb8 32. Bxb8 Nf6 33. Bg2 Bf8 34. Be5 Nd7 35. Bc7 Bg7 36. e5 Kf8 37. Bc6 Ke7 38. Kg2 f6 39. f4 fxe5 40. fxe5 Bh6 41. Kf3 Bc1 42. g4 g5 43. Bd6+ Kd8 44. d5 exd5 45. e6 Nf6 46. e7+ Kc8 47. e8Q+ Nxe8 48. Bxe8 Bf4 49. Bxf4 gxf4 50. Kxf4 Kd8 51. Bf7 d4 52. Bg8 h6 53. Kf5 1-0

[Event "Mittelfranken-ch NT 58th"]
[Site "Postbauer"]
[Date "2009.04.09"]
[Round "3"]
[White "Hofer, Markus"]
[Black "Luther, Helmut"]
[Result "1/2-1/2"]
[WhiteElo "2060"]
[BlackElo "1883"]
[PlyCount "105"]
[EventDate "2009.04.08"]
[EventType "swiss"]
[EventRounds "7"]
[EventCountry "GER"]
[SourceTitle "EXT 2015"]
[Source "ChessBase"]
[SourceDate "2014.11.20"]
[SourceVersion "1"]
[SourceVersionDate "2014.11.20"]
[SourceQuality "1"]

1. d4 d5 2. c4 e6 3. Nc3 Nf6 4. Bg5 Nbd7 5. e3 c6 6. cxd5 exd5 7. Bd3 Be7 8. Qc2 0-0 9. Nge2 Re8 10. h3 Nf8 11. g4 b5 12. Ng3 a6 13. 0-0-0 Bb7 14. Rhg1 a5 15. Nf5 a4 16. Kb1 Ra7 17. Rc1 Qd7 18. Ne2 Rea8 19. Nxe7+ Qxe7 20. Nf4 b4 21. Qe2 Qd6 22. Bxf6 Qxf6 23. g5 Qd6 24. h4 a3 25. b3 Ra5 26. Qd2 c5 27. dxc5 Rxc5 28. Rxc5 Qxc5 29. Rc1 Qd6 30. Be4 Rd8 31. Rd1 Qe5 32. Qd4 Qe7 33. Nxd5 Bxd5 34. Bxd5 Ne6 35. Qg4 Nc7 36. Bc4 Rxd1+ 37. Qxd1 g6 38. Qd4 Ne8 39. Bd3 Nc7 40. Bc4 Ne8 41. f4 h6 42. f5 gxf5 43. g6 Nd6 44. gxf7+ Nxf7 45. Bd5 Kf8 46. Bxf7 Kxf7 47. Qd5+ Kf6 48. Qd4+ Kg6 49. Qb6+ Kh5 50. Kc1 Qxh4 51. Qb5 Qe4 52. Kd2 Kg5 53. Qb6 1/2-1/2

[Event "Mittelfranken-ch NT 58th"]
[Site "Postbauer"]
[Date "2009.04.09"]
[Round "4"]
[White "Nehls, Benedikt"]
[Black "Hofer, Markus"]
[Result "0-1"]
[WhiteElo "1878"]
[BlackElo "2060"]
[PlyCount "128"]
[EventDate "2009.04.08"]
[EventType "swiss"]
[EventRounds "7"]
[EventCountry "GER"]
[SourceTitle "EXT 2015"]
[Source "ChessBase"]
[SourceDate "2014.11.20"]
[SourceVersion "1"]
[SourceVersionDate "2014.11.20"]
[SourceQuality "1"]

1. d4 d5 2. c4 e6 3. Nf3 Be7 4. Nc3 Nf6 5. cxd5 exd5 6. Bg5 c6 7. Qc2 Na6 8. a3 0-0 9. e3 Nc7 10. Bd3 g6 11. 0-0 Nfe8 12. Bxe7 Qxe7 13. Rfe1 Nd6 14. Rac1 Bf5 15. Bxf5 gxf5 16. Ne5 Kh8 17. Ne2 Rg8 18. Ng3 Qf6 19. Qe2 Ne6 20. Qf3 Ng7 21. Nd7 Qe6 22. Nc5 Qg6 23. Nd3 Rae8 24. Nf4 Qf6 25. b4 Ne6 26. Nxe6 fxe6 27. Qf4 e5 28. dxe5 Qxe5 29. Qxe5+ Rxe5 30. Nh5 a5 31. Nf4 Ra8 32. Nd3 Re7 33. Ra1 Kg7 34. Nc5 Kf7 35. Nb3 axb4 36. axb4 Ree8 37. Nc5 Ke7 38. g3 b6 39. Nb3 Kd7 40. Kg2 Nb5 41. Rxa8 Rxa8 42. Ra1 Rxa1 43. Nxa1 d4 44. Nb3 d3 45. f3 Nc3 46. Kf2 Nd5 47. b5 c5 48. Nd2 Nc3 49. e4 fxe4 50. fxe4 Nxb5 51. Ke3 Ke6 52. Nc4 Nd6 53. Nxb6 c4 54. Nxc4 Nxc4+ 55. Kxd3 Ne5+ 56. Ke2 Ng4 57. h3 Nf6 58. Kf3 Ke5 59. g4 Nxe4 60. h4 Nd6 61. Ke3 Ne8 62. Kf3 Nf6 63. g5 Nh5 64. Kg4 Ng7 0-1

[Event "Mittelfranken-chTB1 0809"]
[Site "Mittelfranken"]
[Date "2009.01.25"]
[Round "5.4"]
[White "Suess, Helmut"]
[Black "Hofer, Markus"]
[Result "0-1"]
[WhiteElo "1869"]
[BlackElo "1991"]
[PlyCount "130"]
[EventDate "2008.10.12"]
[EventType "team"]
[EventRounds "9"]
[EventCountry "GER"]
[SourceTitle "EXT 2011"]
[Source "ChessBase"]
[SourceDate "2010.11.26"]
[SourceVersion "1"]
[SourceVersionDate "2010.11.26"]
[SourceQuality "1"]
[WhiteTeam "Nuernberg NT IV"]
[BlackTeam "Buechenbach/Roth"]
[WhiteTeamCountry "GER"]
[BlackTeamCountry "GER"]

1. e4 Nf6 2. Nc3 d5 3. e5 Ne4 4. Nxe4 dxe4 5. d4 exd3 6. Qxd3 Qxd3 7. Bxd3 Nc6 8. Nf3 Bg4 9. Bb5 Bd7 10. Bd3 0-0-0 11. Bf4 h6 12. h4 Bg4 13. Nh2 Be6 14. a3 g5 15. hxg5 hxg5 16. Bxg5 Nxe5 17. Be2 Rg8 18. Bf4 Nc4 19. b3 Bg7 20. Ra2 Bc3+ 21. Kf1 Nd2+ 22. Bxd2 Rxd2 23. Nf3 Bxb3 24. Nxd2 Bxa2 25. Nb3 Rh8 26. Rxh8+ Bxh8 27. Ke1 Bc3+ 28. Kd1 c6 29. a4 a6 30. Bh5 f6 31. Ke2 Bb4 32. Kd3 b5 33. axb5 cxb5 34. c3 Bxb3 35. cxb4 Bd5 36. g3 e5 37. Bg6 Kc7 38. Kc3 Kb6 39. Be8 a5 40. Bh5 a4 41. Bd1 Kc7 42. Be2 Bc6 43. Bd3 Kd6 44. Be2 Ke6 45. g4 Kf7 46. Bd3 Kg7 47. Bc2 Kh6 48. Bf5 Kg5 49. Be6 Kf4 50. Kd2 Kf3 51. Ke1 Be4 52. Kd2 Bc6 53. Ke1 Ke4 54. Kd2 Bd5 55. Bd7 Bc4 56. Bc6+ Kd4 57. Kc2 Bf1 58. Kb2 Kc4 59. Ka3 Bd3 60. f3 Be2 61. Be4 Kd4 62. Kb2 Ke3 63. Bc6 Bxf3 64. Bxb5 Kf2 65. Bxa4 e4 0-1